000 01753nam a2200241Ia 4500
999 _c53546
_d53546
001 20592
003 GE_BSU
005 20210329170055.0
008 181216s2016||||ge |||||||||||||| ||geo||
040 _cGE_BSU
041 _ageo
080 _a82 დ-90
100 _aდუმბაძე, სოფიკო
_910810
245 _aლინგვისტური ნეოლოგია და ოკაზიონალიზმების ფუნქციონირება ინგლისურ და ქართულ ენებში /
_cსოფიკო დუმბაძე; მეცნ.ხელმძღვანელი.ნინო აროშიძე; ბათუმის შოთა რუსთაველის სახელმწიფო უნ-ტის ჰუმანიტარულ მეცნიერებათა ფაკულტ.ევროპეისტიკის დეპარტამენტი.
264 _aბათუმი:
_bბსუ,
_c2016.
300 _a155 გვ.:
_bილ;
_c30 სმ.
653 _aდისერტაცია
653 _aლინგვისტიკა
653 _aლინგვისტური ნეოლოგია და ოკაზიონალიზმების ფუნქციონირება ინგლისურ და ქართულ ენებში
700 _aაროშიძე, ნინო
_e მეცნ.ხელმძღვანელი
_910811
710 _aბსუ
_bჰუმანიტარულ მეცნიერებათა ფაკულტეტი .ევროპეისტიკის დეპარტამენტი.
_910812
942 _cBK
_2udc